10-FEETランダム歌い出しから曲名 - Statistics

General Stats
  • This quiz has been taken 7 times
  • The average score is 15 of 20
Answer Stats
Hint Answer % Correct
何処にでもある話 ひとしきり降り 雨は止んで 素朴な悔いは頬の赤色を空へ 寂しさも忘れた コハクノソラ
100%
ポケットの裏地を握って (I grabbed the lining) 溢れてこぼれそうな昔を (inside of my pockets.) 淋しさに火をくべ
100%
目を覚まして木漏れ日に目を細めた 旅の途中の猫はまた歩き始めた シガードッグ
100%
笑ってみても(笑ってみても)泣いてみても(泣いてみても) あの頃の様な高揚も弱さも無くて 蜃気楼
100%
描き続けて擦り切れた願いは とっくに消えたけど歩いてみた その向こうへ
100%
どこかへ消えてった帰りの独り唄 何度も泣いて見てた映画で泣けなかった ナクシタモノ
100%
The one step made from strains power. And a next step you got overcome the trauma. 1sec.
100%
The sun is shining outside. It's raining inside my heart. compli-K-tion
100%
チャンスは連打 RUN Champは連覇 gg燦然
100%
Gradually I came to realize I was growing up all dull and boring. HEY!
100%
Set me free from damage. It's reputation? Oh, I have nothing to do with it! LIFE LIFE LIFE
100%
よりによってまた なんで自分なんだって 運命を恨んだり log
100%
I'm forced into the deep corner. Sorry! sorry! nil?
100%
ああ 叶わなかった夢 ああ recollection
100%
So always let it be more light. So always let it be more light. So always let it be more light. Now you're in the dark. STONE COLD BREAK
100%
夜空を飛んで行く 壊れて消えるまで 壊れて消えるまで
0%
信じたいから 疑いました 傷つく前に 傷つけました アオ
0%
夜更け 紫 一人だけになったよ 朝霧を抜けて
0%
忘れてゆく 忘れてゆく 記憶の擦り傷も喜びも あなたは今どこで誰ですか?
0%
降り出した雨とアスファルトが湿る匂いと
0%
信じた今になってやっと悟ったんだ 咲いて枯れたんだって アリア
0%
言葉足らずのあなたの言葉 たくさんの思いがあったでしょう アンテナラスト
0%
悲しみメガネが無いとわからない 小さくて眩しい幸せがあったなんて ウミガラスとアザラシ
0%
教えて 教えて欲しいよ 間違っているのかい? おしえて
0%
いつまで歩けば辿り着くの 笑って振り返る日はくるの
0%
どうやらここでお別れみたい もう会えないみたいだね シエラのように
0%
折あなたの代わりが居ないのは わかってるのに旅を続けたわ 深海魚
0%
Eto! 十二支
0%
心の奥を見せ合わぬように 手を取り合えば変われたかな 彗星
0%
あぁ また少し眠っていたんだ(眠っていたんだ) 夕暮れ時の静かな部屋に一人で 少し眠っていたんだ
0%
瞑想シンクロ脳波 集中指向サラウンド スパートシンドローマー
0%
Tryしましょう 呼び起こすまで 吐露しましょう 醜悪な愛も タンバリン
0%
群れを逸れて夢を咥えた それが最後になる気がしたんだ 第ゼロ感
0%
A real God? Do you think he's there? If he's out there, I just don't care. チャイニーズ・ヒーロー
0%
枯れ落ちた同じ所に また何度も咲きました 何度も咲きました
0%
遮音し もっと真っ青な深さまで Keep sharp 終わったら Relax Relax ハローフィクサー
0%
未来指すコンパス回る 借り暮らす平和に住 火とリズム
0%
明日にはもうそこには もうそこには... ヒトリセカイ
0%
いつの間にか 響かない日も 眠れない日も 気にも止めなくなって ブラインドマン
0%
折り合いはどうしようか 一度刀を鞘に戻しましょう
0%
まだ戻れないよ 戻らないよ 帰りたいけど 少し歩くよ まだ戻れないよ
0%
ああ もうそこには僕は居なかった ああ 寂しさよ 気付かせておくれ 求め合う日々
0%
君や僕の思いが 咲き終わった頃 全てを忘れて そんなフリをして 夢の泥舟
0%
Cry for love Cry for yourself ライオン
0%
朝方は君を感じて 昔話に足を止めてたんだ
0%
最高 洗濯 psycho 忖度 123456789101112
0%
Fits all! (Fits all!) One size fits all! (Free size) 1 size FITS ALL
0%
I realize because of the weakness in my soul. How many times do I have to tell you so? 2%
0%
何にも無くなった時 何を残そうかな 誰も居なくなった時 僕はどんなかな 太陽4号
0%
My, my forest. My forest. My, my forest. My forest. 4REST
0%
KOKO!KOKO!KOKO!KOKO! KOKO!KOKO!KOKO!KOKO! HERE! ALL
0%
THIS NIGHT. YOUR FACE.見たい! AND HUG! AND HUG
0%
We gotta make sure we don't lose sight. We gotta make sure we don't lose sight. a new frontier
0%
You are doing such a thing for what purpose you are doing it now? ANXIOUS
0%
Countless limits and a grasp of power too. All put together is what I am. A-ra-ra-gi
0%
Why did the judge raise their hands? I got angry with you for no reason. aRIVAL
0%
ああ 朱色の海に笑い転げ過ごしてた記憶を浮かべ映した ああ もう時に揺られて 時に流れて back to the sunset
0%
Ego-it all starts to fade away. Worn out psyche dangles by a thread. B.D.H
0%
Dear friends 笑えてますか? 心の底から笑えてますか? 嬉しそうに笑うあなたが目に浮かぶ散歩道 BEAUTIFUL WORLD
0%
I did wanna talk to you for a while. But I couldn't stop foolish chat with you. BE FRIENDS AGAIN
0%
Grateful things are lessening as a being creature.That respects every emotion more than others. BE NOTHING
0%
繰り返す後悔反芻する残像が頭を掻き回す BLAME ME!!
0%
Hey you! You made up your mind yet? BombBassKinny
0%
Find balance in unfairness and lies. Going on, can not see what's in front of me. BURN
0%
Walkin' all alone on my way back. Deep inside my heart total black out. BUZZING
0%
さくら舞う さくらが咲く 過去は現在のために CHERRY BLOSSOM
0%
背中を嬉しそうにガチャガチャと鳴らして子供達は帰る child
0%
You are now facing a turning point In your life which way should you choose? CHOICE
0%
忘れて消えた心の中の 簡単な作りのそれは もう戻らないのですか CRYBABY
0%
Foot! Toe! Tail! DAVE ROAD
0%
Every time stand by you! And every time I love you DO YOU LIKE...?
0%
Everybody singing with me right hook! right hook! EVERY
0%
About to burst into tears. Not being able to do anything at all. exodus
0%
最後の日でも(最後の日でも) 真っ暗でも(真っ暗でも) 大丈夫連れ出すよ fast edge emotion
0%
Others just a background. Friendship's just for using. FELLOWS
0%
「他人」 が 「風景」 で 「友情」 が 「損得」 で 「君」 が 「永遠」 で 全てが消え FELLOWS 2
0%
もう少しだけ(もう少しだけ)話してくれないか 夜を渇かして朝が来るまで Fin
0%
Yes, I think to myself. (Myself!) What a sucking boring world. [final day]
0%
Focusする箇所はDark brightのセッションで割り出そう Yeah! focus
0%
一瞬で忘れろ 長い目で見りゃカスみたいな問題! Freedom
0%
Useless people gathering. Oh it's very funky! FUNKY
0%
この先になにがあるかも わからぬまま時間だけが経つ、、、 FUTURE
0%
夜の海を飛び続けて 誰なのかも忘れて goes on
0%
It says commonly, oh no!, I say“The fellow who understands”, a solitary and bright fellow. GOING CRAZY
0%
Sometime I remember. Sometime I forget. GOODBYE TO ROMANCE
0%
Be brave Be brave この一瞬だけ どうか勇気を与えておくれ hammer ska
0%
No No No No No... heart blue
0%
We know, he's physically gone, but if words hold his soul, still here... helm'N bass
0%
Horn's & Bone! Here we go! HONE SKA
0%
There was nothing here from beginning, still there is nothing not even loneliness. IN THE END
0%
I have no idea! What's the most important thing!? IOWA
0%
If our hearts weren't stained black. Hate and anger would be a measure of the people we meet each day. joker stomper
0%
Blast and fire! JUNGLES
0%
It's just a false. Just a hole. Just a false. Just a hole. JUST A FALSE! JUST A HOLE!
0%
Everyone of… Everyone of… kokoro no naka
0%
どうにもならない問題 なるようにしかならない LICENSE
0%
I was aware of your feeling. I just realize everything. LIFE-SIZE
0%
I don't know since when I changed to such a cold-hearted guy. LITTLE MORE THAN BEFORE
0%
We living long distance place but are less and less becoming. LONG DISTANCE
0%
いつもどこかが抜けてて しまらない顔だらしのない顔で LOODY
0%
Mobstyles! 45 ! Bombstyles! MOB ~45 BOMBSTYLES~
0%
明日 明日 生まれ変わる サル サル もともとサル MONKEY
0%
恥じらいが消す思いやりは 目の輝き霞まし続けて 躊躇なく精神を虚無の方へ MOVING is CHANGING
0%
Hope your life works out for you. Hope your life works out for you. Mr.bullshit
0%
"Majority rules?"Don't wanna think it even could be true. my pet theory
0%
Do Do Do Na Na Na NICK JAGGER
0%
No way… NO WAY
0%
我主我主我主 我主我主我主 我主我主我主~Oh!Soccer!~
0%
母ちゃんから生を受け 花や草木や笑い声 OVERCOME
0%
In to the afternoon, I've gotta go that's when the gloomy flow. PARTY
0%
いつものアホ面集まって 言う事同じ事ばかり Pee! Caa! Poo!
0%
They've gone and left a trap. They've gone and left a trap. Pitfall
0%
Let's go to the Planless Journey. Let's go to the Planless Pleasure. Let's go to the Planless Promenade. PLANLESS
0%
I, I see it's so quiet. So quiet and so serene. Oh how can I laugh out in this way. quiet
0%
When the sun comes up. I believe you find a way to next story. rainy morning
0%
Raising the Roof! RAISING THE ROOF!!!
0%
Pepper in my 頭 Shakin'式 How shakin' 方式 Re方程式
0%
(流れゆく河流れゆく時) RIVER
0%
消し飛んだMIND BUT CAN'T STOP THE FIGHT シビアなリアルが炙り出す RUMBLING BALL
0%
Wake up. Early on the morning. Wash my face. Offering all the world my thanks. SEASIDE CHAIR
0%
Feeling up close, the shining light with my eyelids SEE YOU
0%
I came across that scenery, it brought back those bad times. SHOES
0%
立ち止まった 秋のまっただ中だった街のカフェテリア short story
0%
There's just not enough time! Give it all that you've got! SKANKIN' CHOKE BANGER
0%
Almost people are very sweet kind pure. SONAR BANANA That's our life. skatting
0%
Mad max! Angry! Nine ton hammer! SLAM
0%
I'm wavering again, stop in my tracks, self hate and the usual hesitation. SLIGHT
0%
What you gonna do with yourself? The time is up rapidly comming up. SO
0%
Oh... Spiral media. Oh... Blind to medicine. 月 ~sound jammer せやな~
0%
晴れた外 さらにTAKE OFF! 今日こそは親に孝行! springlady
0%
Stand in! STANDin
0%
Thought I was much better than most, thought I was above average. STRIKE!!
0%
Jump around! Jumping free! It's all depends on you! super stomper
0%
Remember those days that you've been through! Swear like a trooper, 4 your destiny
0%
インファーマ このまま ずっとこのまま 今は ずっとこのまま このまま ずっとこのまま thanks
0%
Answering my own questions snuggled up in bed,"Why? Oh, Why?" the guide
0%
Thank you guy! Jesus Christ! Thank you guy! Awesome guy! Trapped
0%
Sunrise 昇る from 東 in the sky. When I woke up, It was broad daylight. U
0%
いつかまた思い出す 数年後いつの日か ひとつなぎの時の中で under the umber shine
0%
「もう何も解らへん!」とか言って泣いて去ったって 誰もあんた助けてくれへんで!だから強くならな! VIBES BY VIBES
0%
Lost really extends itself out and spreads around the room. wander?
0%
Made in 悲しみの優しさで 強く強く最後に way out way out
0%
You alright? どうせ陰と陽 遥か先の方までの延長線上 What's up?
0%
I didn't think the way I was could ever change. WHEN & WHERE
0%
No matching quizzes found
Score Distribution
Percent of People with Each Score
Percentile by Number Answered
Your Score History
You have not taken this quiz